Statistics for Billy Ray Cyrus Charting Songs (Billboard Hot 100)

Click here to take the quiz!

General Stats

  • This quiz has been taken 4 times
  • The average score is 1 of 11

Answer Stats

AlbumWeeks OnPeakArtist(s)Song% Correct
745 Weeks#1 (19 Weeks)Lil Nas X ft. Billy Ray CyrusOld Town Road
100%
Some Gave All25 Weeks#4Billy Ray CyrusAchy Breaky Heart
33%
Home At Last23 Weeks#37Billy Ray Cyrus with Miley CyrusReady, Set, Don't Go
0%
Shot Full of Love17 Weeks#46Billy Ray CyrusBusy Man
0%
Slow Dancing with the Moon14 Weeks#50Dolly Parton & FriendsRomeo
0%
Hannah Montana: The Movie3 Weeks#56Miley Cyrus & Billy Ray CyrusButterfly Fly Away
0%
Some Gave All9 Weeks#70Billy Ray CyrusShe's Not Cryin Anymore
0%
Some Gave All9 Weeks#72Billy Ray CyrusCould've Been Me
0%
It Won't Be the Last10 Weeks#76Billy Ray CyrusIn the Heart of a Woman
0%
Southern Rain13 Weeks#80Billy Ray CyrusYou Won't Be Lonely Now
0%
Non-Album Single1 Week#80Buck-22 ft. Billy Ray CyrusAchy Breaky 2
0%

Score Distribution

Percentile by Number Answered

Percent of People with Each Score

Your Score History

You have not taken this quiz